| 000 | 00449nam a22001817a 4500 | ||
|---|---|---|---|
| 003 | MPLRDC | ||
| 005 | 20220104114002.0 | ||
| 008 | 210129b ||||| |||| 00| 0 eng d | ||
| 082 | _a855 CRX-2 c.2 | ||
| 100 | _a陈若曦、梁实秋等著 | ||
| 245 |
_a星星照耀我 _c |
||
| 250 | _a初版 | ||
| 260 |
_a _b文光出版社 _c1983 |
||
| 300 | _b平 | ||
| 490 | _a名家作品 | ||
| 650 | _a散文;随笔、日记 | ||
| 942 |
_cBK _o855 CRX-2 c.2 |
||
| 999 |
_c3917 _d3907 |
||